000 00659nam a22002294a 4500
001 ESSALUD
007 ta
008 t2022 pe gr 00| 0 spa d
040 _aESSALUD
041 _aspa
043 _cpe
082 _a338.927
_bN12
110 _aSistema de las Naciones Unidas en el Perú
_eautor
_951956
245 _aMarco de cooperación de las Naciones Unidas para el desarrollo sostenible: Perú 2022-2026
250 _a1 ed.
260 _aLima :
_bONU,
_c2022
300 _a133 páginas
650 _aDESARROLLO SOSTENIBLE
_95156
650 _aCOOPERACIÓN INTERNACIONAL
_92371
650 _aPERÚ
_913
942 _cBK
_e2026-04-14
_zAFC
999 _c22337
_d22337